000 00190nam a2200097 4500
082 _aBHE
100 _aBhel
245 _aTransformers
260 _aNew Delhi:
_bMcGraw-Hill,
_c1995.
942 _cBK
999 _c9325
_d9325